| 000 -ლიდერი |
| ფიქსირებული სიგრძის საკონტროლო ველი |
01287nam a22002057a 4500 |
| 003 - საკონტროლო ნომრის იდენტიფიკატორი |
| საკონტროლო ველი |
Ge_BSU |
| 005 - ბოლო ოპერაციის თარიღი და დრო |
| საკონტროლო ველი |
20220629131628.0 |
| 008 - ფიქსირებული სიგრძის მონაცემთა ელემენტები - ზოგადი ინფორმაცია |
| ფიქსირებული სიგრძის საკონტროლო ველი |
220629s ge ||||| |||| 00| 0 geo d |
| 041 ## - ენის კოდი |
| Language code of text/sound track or separate title |
geo |
| 080 ## - უნივერსალური ათობითი კლასიფიკაციის ინდექსი |
| Universal Decimal Classification number |
634 ქ-57 |
| 245 ## - ცნობა სათაურის შესახებ |
| Title |
ქლიავი : |
| Remainder of title |
ქლიავის წარმოების აგროტექნოლოგია / |
| Statement of responsibility, etc |
გარემოს დაცვითი ინფორმაციისა და განათლების ცენტრი. |
| 264 ## - წარმოების, გამოცემის, დისტრიბუციის და სხვა ცნობები |
| გამოცემის, წარმოების, დისტრიბუციის... თარიღი |
2021. |
| 300 ## - ფიზიკური აღწერა |
| Extent |
42 გვ. : |
| Other physical details |
ილ. ; |
| Dimensions |
30 სმ. |
| 504 ## - BIBLIOGRAPHY, ETC. NOTE |
| Bibliography, etc |
ბიბლიოგრ. გვ. 42 |
| 653 ## - INDEX TERM--UNCONTROLLED |
| Uncontrolled term |
ქლიავი |
| 653 ## - INDEX TERM--UNCONTROLLED |
| Uncontrolled term |
წარმოების აგროტექნოლოგია |
| 710 ## - ADDED ENTRY--CORPORATE NAME |
| Corporate name or jurisdiction name as entry element |
გარემოს დაცვითი ინფორმაციისა და განათლების ცენტრი. |
| 9 (RLIN) |
14245 |
| 856 ## - ELECTRONIC LOCATION AND ACCESS |
| Uniform Resource Identifier |
https://gfa.org.ge/wp-content/uploads/2018/11/%E1%83%A5%E1%83%9A%E1%83%98%E1%83%90%E1%83%95%E1%83%98%E1%83%A1-%E1%83%AC%E1%83%90%E1%83%A0%E1%83%9B%E1%83%9D%E1%83%94%E1%83%91%E1%83%98%E1%83%A1-%E1%83%90%E1%83%92%E1%83%A0%E1%83%9D%E1%83%A2%E1%83%94%E1%83%A5%E1%83%9C%E1%83%9D%E1%83%9A%E1%83%9D%E1%83%92%E1%83%98%E1%83%90.pdf |
| Link text |
ელ. ვერსია. pdf |
| 942 ## - ADDED ENTRY ELEMENTS (KOHA) |
| Source of classification or shelving scheme |
|
| Koha item type |
წიგნი |